00150nam a2200073Ia 4500100001400000250001800014245002700032082001700059 aDaniels R a2007 11th Ed. aInternational Business a395.52094DAN